The Walking Dead - Personnage de la Saison 2 - Statistiques

Statistiques générales
  • Ce quiz a été pris 1 101 fois
  • Le résultat moyen est 15 sur 19
Statistiques - réponses
Personnage % Correct
1 Rick
99%
7 Carl
97%
11 Maggie
97%
3 Lori
96%
2 Shane
96%
12 Hershel
94%
8 Daryl
93%
9 Carol
92%
6 Glenn
91%
4 Andrea
89%
13 Beth
86%
5 Dale
86%
16 Sophia
83%
10 T-Dog
81%
18 Otis
63%
19 Merle
57%
14 Patricia
46%
15 Jimmy
39%
17 Randall
25%
Aucun quiz correspondant
Distribution des résultats
% des personnes avec chaque résultat
Percentile par nombre de réponses
Votre historique - résultats
Vous n’avez pas pris ce quiz